[Event "Elancourt op"]
[Site "Elancourt"]
[Date "2010.04.27"]
[Round "4"]
[White "Hurlot, Rodolphe"]
[Black "Lemiere, Gerard"]
[Result "1-0"]
[WhiteElo "1724"]
[BlackElo "1200"]
[PlyCount "79"]
[EventDate "2010.04.25"]
[EventType "swiss"]
[EventRounds "9"]
[EventCountry "FRA"]
[SourceTitle "CBM 136 Extra"]
[Source "ChessBase"]
[SourceDate "2010.07.02"]
[SourceVersion "2"]
[SourceVersionDate "2010.07.15"]
[SourceQuality "1"]

1. Nf3 d5 2. g3 Nf6 3. Bg2 g6 4. d3 Nc6 5. 0-0 Bg7 6. Nbd2 0-0 7. c4 e6 8. Rb1 Rb8 9. b4 b5 10. cxb5 Rxb5 11. a3 a6 12. Bb2 Ne8 13. Bxg7 Nxg7 14. Qc2 Bb7 15. e4 f5 16. e5 Qe7 17. Nb3 Rc8 18. Nc5 a5 19. Nxb7 Rxb7 20. Qxc6 Rb6 21. Qc3 Rcb8 22. Nd4 c5 23. Nc2 axb4 24. axb4 Ne8 25. Ra1 Rb5 26. bxc5 Rxc5 27. Qa3 Qc7 28. Ne3 d4 29. Nc4 Rcb5 30. Qa2 Rb3 31. Rab1 Rxd3 32. Rxb8 Qxb8 33. Nd6 Nxd6 34. Qxe6+ Nf7 35. Bd5 Qf8 36. Qf6 Qg7 37. Qd8+ Qf8 38. Qd7 Kg7 39. e6 Qd8 40. Qxf7+ 1-0

[Event "Elancourt op"]
[Site "Elancourt"]
[Date "2010.04.27"]
[Round "3"]
[White "Lemiere, Gerard"]
[Black "Jean, Robert"]
[Result "0-1"]
[WhiteElo "1200"]
[BlackElo "1815"]
[PlyCount "49"]
[EventDate "2010.04.25"]
[EventType "swiss"]
[EventRounds "9"]
[EventCountry "FRA"]
[SourceTitle "CBM 136 Extra"]
[Source "ChessBase"]
[SourceDate "2010.07.02"]
[SourceVersion "2"]
[SourceVersionDate "2010.07.15"]
[SourceQuality "1"]

1. Nc3 d5 2. e4 d4 3. Nce2 e5 4. f4 Bd6 5. d3 c5 6. c3 Nc6 7. f5 Nf6 8. Ng3 b5 9. Bd2 a5 10. Be2 Ba6 11. Nh3 Bc7 12. Nf2 c4 13. 0-0 Bb6 14. Kh1 cxd3 15. Nxd3 dxc3 16. bxc3 0-0 17. Qc2 Rc8 18. a3 Nd4 19. Qa2 Nxe2 20. Nxe2 Qxd3 21. Ng3 Ng4 22. Be1 Qd6 23. Qe2 Nf6 24. Rf3 Rfd8 25. Rd3 0-1